Pink Floyd Songs by Lyrics - Statistics

General Stats
  • This quiz has been taken 49 times
  • The average score is 5 of 15
Answer Stats
Hint Answer % Correct
You raise the blade, you make the change Brain Damage
71%
Leaving just a memory Another Brick in the Wall Part 1
68%
I've looked over Jordan, and I have seen Sheep
54%
We're so happy, we can hardly count Have a Cigar
46%
I don't know why I call him Gerald Bike
44%
And as I rise above the tree line and the clouds Fearless
44%
And they tell me to please go fuck myself Lost For Words
39%
We say goodbye before we've said hello Summer 68
32%
And Doctor Strange is always changing size Cymbaline
24%
And I never knew the moon could be so big Jugband Blues
24%
Boom boom, bang bang, lie down you're dead The Fletcher Memorial Home
20%
His hand has weakened at the moment of truth Sorrow
17%
Bringing sounds of yesterday into this city room Grantchester Meadows
12%
Mankind's greatest achievements have come about by talking Talkin Hawkin
12%
Stick around and maybe we’ll put one down Stay
10%
No matching quizzes found
Score Distribution
Percent of People with Each Score
Percentile by Number Answered
Your Score History
You have not taken this quiz